000 00421nam a2200181Ia 4500
005 20240823035308.0
008 240823s9999||||xx |||||||||||||| ||und||
041 _aENGLISH
082 _A028.52 P6
100 _aruskin Bond
245 4 _aThe Puffin Good Reading Guide for Children
250 _a1st
260 _c2006
_bA Puffin Ori
500 _aYES
650 _aNovel
_bEnglish
942 _cBK
999 _c200347
_d200347